000 01379cam a22003617a 4500
003 CHAP
005 20220329142847.0
008 040924d2004 mx a r 00110 spa d
010 _a88848
011 _a89820
035 _a100371
040 _cCHAP
090 _aTesis
100 0 0 _aValdez Valenzuela, Fernando
_9117297
245 1 0 _aModelo de manejo integrado de maleza en predios cultivados con trigo (Triticum vulgaris L.) en la comunidad de Vicam, Guaymas, Sonora
_c/por Fernando Valdez Valenzuela
260 _aChapingo, Méx. :
_bEl autor,
_c2004.
300 _a53 h. :
_bilus.; cuadros
502 _aTesis (Ing. Agr. Esp. en Parasitología Agrícola ) -- UACH. Departamento de Parasitologia Agrícola
590 _aALEPH
_b10
_c20130110
_lUCH01
_h1500
590 _aBATCH-UPD
_b10
_c20130110
_lUCH01
_h1309
590 _aBATCH-UPD
_b10
_c20130410
_lUCH01
_h0823
590 _aBATCH-UPD
_b10
_c20130914
_lUCH01
_h1741
590 _aCONVERSION
_b10
_c20130109
_lUCH01
_h1349
650 1 4 _aMalas hierbas
_xControl.
_970011
650 1 4 _aTrigo
_xAspectos económicos
_xSonora.
_9114976
650 1 4 _aTrigo
_xMalas hierbas
_xControl.
_9115054
650 1 4 _aTrigo
_xSonora.
_9115104
901 _aBK
905 _aElisama A. H.
942 _cFOLL
949 _atesis
_bBC
_cTES
_d100371
_eTS1
_h42479
_i100371
_sb
949 _atesis
_bBC
_cTES
_d33724000923611
_eTS2
_fc.2
_h42480
_i100371
_sb
999 _c88848
_d88848